Click the Maryland Counties! (Map) Quiz Stats

Quiz not verified by Sporcle

Challenge
Share
Tweet
Score 0/24 Timer 03:00
0 Plays Today
% Correct
Balt. (County)
85.2%
Balt. (City)
83.6%
Garrett
80.2%
Allegany
78.4%
Washington
78.1%
Cecil
77.9%
Frederick
77.5%
Prince George's
76.2%
Montgomery
75.9%
Anne Arundel
75.1%
Kent
72.4%
Somerset
72.3%
% Correct
Harford
71.7%
St. Mary's
71.6%
Howard
71.3%
Wicomico
71.1%
Worcester
70.9%
Dorchester
69.8%
Carroll
69.5%
Caroline
68.8%
Talbot
68.7%
Charles
68%
Queen Anne's
67.2%
Calvert
66.6%

You're not logged in!

Compare scores with friends on all Sporcle quizzes.
Sign Up with Email
OR
Log In

You Might Also Like...

Show Comments

Extras

Top Quizzes Today


Score Distribution

Your Account Isn't Verified!

In order to create a playlist on Sporcle, you need to verify the email address you used during registration. Go to your Sporcle Settings to finish the process.